| 000 | 00727nam a2200229Ia 4500 | ||
|---|---|---|---|
| 003 | OSt | ||
| 005 | 20260327105508.0 | ||
| 008 | 210716s2012 xx 000 0 und d | ||
| 020 | _a9780230766518 | ||
| 040 | _cAIMIT LIBRARY | ||
| 041 | _aeng | ||
| 082 |
_a374.22 _21 _bGUIC |
||
| 100 |
_aGuillebeau, Chris. _9259531 |
||
| 245 |
_a100 startup : _bfire your boss do what you love and work better to live more / _cBy Chris Guillebeau. |
||
| 250 | _a1st ed. | ||
| 260 |
_aLondon : _bMacmillan , _c2012. |
||
| 300 |
_axviii,285p. ; _bPB _c22 cm |
||
| 650 |
_aUnexpected entrepreneurs _9259532 |
||
| 650 |
_aTaking IT to the streets _9259533 |
||
| 650 |
_aLeverage and next steps _9259534 |
||
| 942 |
_2ddc _cBK _e1st _k374.22 GUIC |
||
| 999 |
_c208724 _d208724 |
||